• 首页
  • 本馆介绍
  • 公告通知
  • 最新文献
  • 馆藏检索
  • 电子资源
  • 读者导购
  • 参考咨询
  • 我的图书馆
  • 登录
  • 详细信息显示
  • 放入我的书架
  • 预约/预借图书
  • 作者相关作品
  • 分类相关作品
  • 丛书相关作品
  • 出版社相关作品

书目信息

  • 表格格式
  • 工作单格式
  • 卡片格式
题名:
根本利益
    
 
作者: 何建明 著
分册:  
出版信息: 北京   作家出版社  2002
页数: 254页
开本: 20cm
丛书名:
单 册:
中图分类: I253.7 , I25
科图分类:
主题词: 报告文学--中国--现代--选集 , 报告文学
电子资源:
ISBN: 7-5063-2394-X
000 00745nam0 2200241 450
001 1532271581
005 20150127200129.06
010    @a7-5063-2394-X@dCNY20.00
100    @a20031210d2002 em y0chiy50 ea
101 0  @achi
102    @aCN@b110000
105    @aa z 000zd
200 1  @a根本利益@9gen ben li yi@e长篇报告文学@f何建明著
210    @a北京@c作家出版社@d2002
215    @a254页@c照片@d20cm
330    @a本书是当代报告文学,真实地反映了黑恶势力之下的一部分农民的生存状态,并描写了一位敢于惩恶扬善、扶危济难的好干部形象。
606 0  @a报告文学@y中国@z现代@j选集
606 0  @a报告文学
690    @aI253.7@v5
690    @aI25@v4
701  0 @a何建明@9he jian ming@4著
801  0 @aCN@bTSSF@c20150127
905    @aZUCC@dI25@eJY260
    
    根本利益:长篇报告文学/何建明著.-北京:作家出版社,2002
    254页:照片;20cm
    
    
    ISBN 7-5063-2394-X:CNY20.00
    本书是当代报告文学,真实地反映了黑恶势力之下的一部分农民的生存状态,并描写了一位敢于惩恶扬善、扶危济难的好干部形象。
●
相关链接 在E读中查询图书 在五车中查询图书 在当当中查询图书 在豆瓣中查询图书


正题名:根本利益     索取号:I25/JY260         预约/预借

序号 登录号 条形码 馆藏地/架位号 状态 备注
1 7855778   278557786   学院路分馆/ [索取号:I25/JY260] 在馆    
唐山师范学院图书馆 欢迎您!
大连网信软件有限公司© 版权所有